| 000 | 01189 a2200253 4500 | ||
|---|---|---|---|
| 003 | NUST | ||
| 005 | 20230602152536.0 | ||
| 010 | _a 2001270003 | ||
| 020 | _a0072132469 | ||
| 035 | _a(OCoLC)ocm47180478 | ||
| 040 | _cNust | ||
| 082 | 0 | 0 | _a005.43,NEL |
| 100 | 1 |
_aNelson, Stephen L., _9112968 |
|
| 245 | 1 | 0 |
_athe complete reference Office XP / _cStephen L. Nelson, Julia Kelly. |
| 260 |
_aNew York : _bOsborne/McGraw-Hill, _cc2001. |
||
| 300 |
_axxxv, 1002 p. : _bill. ; _c23 cm. + _e1 computer optical disc (4 3/4 in.) |
||
| 505 | _aWhat Is Office (Page-3), Using The Common Office Tools (Page-49), Laying Out A Document (Page-171), MS Excel (Page-349), MS Powerpoint (Page-515), MS Outlook (Page-579), Internet Explorer (Page-653), MS Access (Page-715), MS Publisher (Page-877). | ||
| 650 | 0 |
_aIntegrated software. _994386 |
|
| 700 | 1 |
_aKelly, Julia. _9112963 |
|
| 856 | 4 | 2 |
_3Contributor biographical information _uhttp://www.loc.gov/catdir/bios/mh042/2001270003.html |
| 856 | 4 | 2 |
_3Publisher description _uhttp://www.loc.gov/catdir/description/mh024/2001270003.html |
| 856 | 4 | 2 |
_3Table of contents _uhttp://www.loc.gov/catdir/toc/mh023/2001270003.html |
| 942 |
_2ddc _cBK _k005.43,NEL |
||
| 999 |
_c180282 _d180282 |
||